Zahrada života paní Betty (později Boženy N.) / Miroslav Ivanov
Record details
- ISBN: 80-7038-242-2
- Physical Description: 430 s., [32] s. obr. příl. : il. (některé barev.), portréty ; 20 cm
- Edition: Vyd. 1.
- Publisher: Praha : Panorama, 1992
Content descriptions
| Bibliography, etc. Note: | Obsahuje bibliografii |
Search for related items by subject
| Subject: | Němcová, Božena, 1820-1862 |
| Genre: | literatura faktu |
Search for related items by series
Available copies
- 1 of 1 copy available at Common Catalog SPOK.
Holds
- 0 current holds with 1 total copy.
Show Only Available Copies
| Location | Call Number / Copy Notes | Barcode | Shelving Location | Status | Due Date |
|---|---|---|---|---|---|
| Hospic Dobrého Pastýře | HI
Tematická katagorie: Historie (HI) |
2045957006802 | Knihovna | Available | - |
Electronic resources
Version of Resource: Digitalizovaný dokument
| LDR | 01306nam a2200349 4500 | ||
|---|---|---|---|
| 001 | 28361 | ||
| 003 | CZ-PrJAB | ||
| 005 | 20170821132030.0 | ||
| 007 | ta | ||
| 008 | 930119s1992 xr acf 000 | cze | ||
| 015 | . | ‡acnb000069820 | |
| 020 | . | ‡a80-7038-242-2 ‡q(brož.) | |
| 035 | . | ‡a(CZ PrNK)ck9205185 | |
| 035 | . | ‡a(OCoLC)26648360 | |
| 040 | . | ‡aABA001 ‡bcze ‡dABA001 | |
| 080 | . | ‡a929 Němcová, B. ‡2undef | |
| 080 | . | ‡a885.0 ‡2undef | |
| 080 | . | ‡a885.0-96 ‡2undef | |
| 100 | 1 | . | ‡aIvanov, Miroslav, ‡d1929-1999 ‡7jk01050574 ‡4aut |
| 245 | 1 | 0. | ‡aZahrada života paní Betty (později Boženy N.) / ‡cMiroslav Ivanov |
| 250 | . | ‡aVyd. 1. | |
| 260 | . | ‡aPraha : ‡bPanorama, ‡c1992 ‡e(České Budějovice : ‡fJihočeské tiskárny) | |
| 300 | . | ‡a430 s., [32] s. obr. příl. : ‡bil. (některé barev.), portréty ; ‡c20 cm | |
| 490 | 1 | . | ‡aStopy, fakta, svědectví |
| 504 | . | ‡aObsahuje bibliografii | |
| 600 | 1 | 7. | ‡aNěmcová, Božena, ‡d1820-1862 ‡7jk01083016 ‡2czenas |
| 655 | 7. | ‡aliteratura faktu ‡7fd132773 ‡2czenas | |
| 830 | 0. | ‡aStopy, fakta, svědectví (Panorama) | |
| 856 | 4 | 1. | ‡uhttp://kramerius4.nkp.cz/search/handle/uuid:e7fd7ce0-e304-11e2-9923-005056827e52 ‡yDigitalizovaný dokument |
| 910 | . | ‡aBNE702 | |
| 964 | . | ‡aNěmcová, Božena (spisovatelka čes., 1820-1862) - život a dílo - literatura faktu | |
| 998 | . | ‡a000069820 | |
| 901 | . | ‡a28361 ‡b ‡c28361 ‡tbiblio | |